Countries Containing P - Statistics

General Stats
  • This quiz has been taken 608 times
  • The average score is 19 of 23
Answer Stats
Answer % Correct
Paraguay
96%
Peru
96%
Portugal
96%
Panama
93%
Poland
93%
Pakistan
92%
Palau
91%
Philippines
91%
Papua New Guinea
88%
Democratic Republic of the Congo
87%
Republic of the Congo
85%
Dominican Republic
84%
Nepal
83%
Czech Republic
82%
Spain
82%
Japan
80%
Singapore
80%
Cape Verde
76%
Central African Republic
76%
Cyprus
75%
Ethiopia
75%
Egypt
74%
Sao Tome and Principe
71%
No matching quizzes found
Score Distribution
Percent of People with Each Score
Percentile by Number Answered
Your Score History
You have not taken this quiz